000 00484nam a2200193Ia 4500
008 240510s9999 xx 000 0 und d
020 _a0003790814369
041 _aEng
082 _a006.3
082 _bN28
100 _aJain, L.C. (et-al)(eds)
245 0 _aNew learning paradigms in soft computing :studies in fuzziness and soft computing
260 _bSpringer: Tokyo
260 _c2002
300 _a464 p.
650 _afuzzy logic :
942 _2ddc
942 _cLBK
999 _c27763
_d27763
945 _a1
_bMadushi Gamage
_c1
_dMadushi Gamage